[Event "Королевский Гамбит. Южный Федеральный округ."]
[Date "2025-11-21"]
[Round "7.5"]
[Board "5"]
[White "Шашмурин Виталий"]
[WhiteElo "1011"]
[Black "Zaharov Makar"]
[BlackElo "973"]
[WebSite "https://www.chessopen.ru"]
[GameId "17313a21-c8da-46da-9130-d61651c8cd18"]
[Result "1-0"]

1. e4 { [%clk 0:10:00] } e6 { [%clk 0:10:00] } 2. d4 { [%clk 0:10:01] } Nc6 {
[%clk 0:09:59] } 3. Nf3 { [%clk 0:10:01] } Bb4+ { [%clk 0:09:57] } 4. Bd2 {
[%clk 0:10:01] } Bxd2+ { [%clk 0:09:58] } 5. Qxd2 { [%clk 0:10:03] } Nf6 {
[%clk 0:09:56] } 6. Nc3 { [%clk 0:10:04] } O-O { [%clk 0:09:53] } 7. Bd3 {
[%clk 0:10:05] } d5 { [%clk 0:09:53] } 8. e5 { [%clk 0:10:03] } Ng4 { [%clk
0:09:51] } 9. h3 { [%clk 0:09:31] } Nh6 { [%clk 0:09:36] } 10. Qg5 { [%clk
0:09:16] } Qxg5 { [%clk 0:09:31] } 11. Nxg5 { [%clk 0:09:16] } Nb4 { [%clk
0:09:26] } 12. Bxh7+ { [%clk 0:09:02] } Kh8 { [%clk 0:09:25] } 13. Bd3 { [%clk
0:09:00] } Nf5 { [%clk 0:08:50] } 14. Nf3 { [%clk 0:08:44] } Nc6 { [%clk
0:08:17] } 15. Bxf5 { [%clk 0:08:39] } Nxd4 { [%clk 0:08:14] } 16. Nxd4 { [%clk
0:08:39] } Rd8 { [%clk 0:08:12] } 17. Bd3 { [%clk 0:08:32] } c6 { [%clk
0:08:08] } 18. h4 { [%clk 0:08:17] } Bd7 { [%clk 0:07:57] } 19. h5 { [%clk
0:08:18] } g6 { [%clk 0:07:24] } 20. hxg6+ { [%clk 0:08:15] } Kg7 { [%clk
0:07:15] } 21. Rh7+ { [%clk 0:08:07] } Kf8 { [%clk 0:07:14] } 22. Rxf7+ { [%clk
0:07:11] } Ke8 { [%clk 0:07:13] } 23. Rh7 { [%clk 0:06:49] } Kf8 { [%clk
0:07:05] } 24. Rh8+ { [%clk 0:06:08] } Ke7 { [%clk 0:07:01] } 25. Rxd8 { [%clk
0:06:06] } Kxd8 { [%clk 0:06:58] } 26. Ke2 { [%clk 0:06:03] } Ke7 { [%clk
0:06:59] } 27. Rh1 { [%clk 0:06:03] } Rg8 { [%clk 0:06:57] } 28. Rh7+ { [%clk
0:06:01] } Kd8 { [%clk 0:06:55] } 29. g7 { [%clk 0:05:45] } Ke8 { [%clk
0:06:48] } 30. Rh8 { [%clk 0:05:44] } Kf7 { [%clk 0:06:48] } 31. Rxg8 { [%clk
0:05:43] } Kxg8 { [%clk 0:06:49] } 32. f4 { [%clk 0:05:37] } Kxg7 { [%clk
0:06:50] } 33. f5 { [%clk 0:05:38] } Kf7 { [%clk 0:06:51] } 34. fxe6+ { [%clk
0:05:39] } Ke7 { [%clk 0:06:51] } 35. exd7 { [%clk 0:05:39] } Kxd7 { [%clk
0:06:52] } 36. g4 { [%clk 0:05:40] } Ke7 { [%clk 0:06:53] } 37. g5 { [%clk
0:05:41] } Kf7 { [%clk 0:06:55] } 38. g6+ { [%clk 0:05:42] } Kg7 { [%clk
0:06:56] } 39. Ne6+ { [%clk 0:05:42] } Kg8 { [%clk 0:06:56] } 40. Nd1 { [%clk
0:05:25] } Kh8 { [%clk 0:06:50] } 41. Kf3 { [%clk 0:05:21] } Kg8 { [%clk
0:06:50] } 42. Kf4 { [%clk 0:05:22] } d4 { [%clk 0:06:41] } 43. Kg5 { [%clk
0:05:23] } Kh8 { [%clk 0:06:34] } 44. Kh6 { [%clk 0:05:20] } Kg8 { [%clk
0:06:35] } 45. g7 { [%clk 0:05:19] } Kf7 { [%clk 0:06:35] } 46. Bh7 { [%clk
0:05:17] } Kxe6 { [%clk 0:06:35] } 47. g8=Q+ { [%clk 0:05:17] } Kxe5 { [%clk
0:06:36] } 48. Qe8+ { [%clk 0:05:14] } Kd5 { [%clk 0:06:37] } 49. Bg8+ { [%clk
0:05:13] } Kc5 { [%clk 0:06:38] } 50. Qb8 { [%clk 0:05:09] } b6 { [%clk
0:06:38] } 51. Qxa7 { [%clk 0:05:11] } d3 { [%clk 0:06:34] } 52. cxd3 { [%clk
0:05:08] } Kd4 { [%clk 0:06:35] } 53. Qxb6+ { [%clk 0:05:07] } c5 { [%clk
0:06:38] } 54. Qd6# { [%clk 0:05:05] } 1-0

[Event "Королевский Гамбит. Южный Федеральный округ."]
[Date "2025-11-21"]
[Round "7.6"]
[Board "6"]
[White "Алёхин Кирилл"]
[WhiteElo "1018"]
[Black "Бобчук Захар"]
[BlackElo "951"]
[WebSite "https://www.chessopen.ru"]
[GameId "8398357f-6c48-47c2-9bdb-c7301af81f01"]
[Result "1-0"]

1. e4 { [%clk 0:10:01] } e5 { [%clk 0:09:56] } 2. Nf3 { [%clk 0:10:01] } Nf6 {
[%clk 0:09:52] } 3. Nc3 { [%clk 0:09:58] } Nc6 { [%clk 0:09:51] } 4. Bb5 {
[%clk 0:09:58] } Nb4 { [%clk 0:09:42] } 5. O-O { [%clk 0:09:39] } Bc5 { [%clk
0:09:40] } 6. Nxe5 { [%clk 0:09:34] } Nxe4 { [%clk 0:09:28] } 7. Nxe4 { [%clk
0:09:32] } a5 { [%clk 0:09:22] } 8. Nxc5 { [%clk 0:09:31] } Nc6 { [%clk
0:09:22] } 9. Bxc6 { [%clk 0:09:31] } dxc6 { [%clk 0:09:20] } 10. d3 { [%clk
0:09:32] } Qd5 { [%clk 0:09:15] } 11. d4 { [%clk 0:09:27] } Qd6 { [%clk
0:09:11] } 12. Qe1 { [%clk 0:09:24] } f5 { [%clk 0:09:10] } 13. Nc4+ { [%clk
0:09:00] } Kf7 { [%clk 0:08:40] } 14. Nxd6+ { [%clk 0:08:46] } Kf6 { [%clk
0:08:36] } 15. Qe5+ { [%clk 0:08:08] } Kg6 { [%clk 0:08:31] } 16. h3 { [%clk
0:07:52] } Kh5 { [%clk 0:08:29] } 17. Nxf5 { [%clk 0:07:35] } Bxf5 { [%clk
0:08:24] } 18. Qxf5+ { [%clk 0:07:34] } Kh4 { [%clk 0:08:23] } 19. Qg4# { [%clk
0:07:33] } 1-0

[Event "Королевский Гамбит. Южный Федеральный округ."]
[Date "2025-11-21"]
[Round "7.6"]
[Board "6"]
[White "Данил Пила"]
[WhiteElo "1002"]
[Black "Безух Николай"]
[BlackElo "1028"]
[WebSite "https://www.chessopen.ru"]
[GameId "33a4a6dd-95c0-47ab-b45f-cd2a58756e3d"]
[Result "0-1"]

1. e3 { [%clk 0:10:00] } e5 { [%clk 0:10:00] } 2. Nf3 { [%clk 0:10:00] } Nc6 {
[%clk 0:10:01] } 3. Nc3 { [%clk 0:09:57] } Bb4 { [%clk 0:10:00] } 4. a3 { [%clk
0:09:53] } Bxc3 { [%clk 0:09:54] } 5. bxc3 { [%clk 0:09:54] } d6 { [%clk
0:09:44] } 6. d4 { [%clk 0:09:53] } e4 { [%clk 0:09:43] } 7. Nd2 { [%clk
0:09:47] } d5 { [%clk 0:09:44] } 8. Bb5 { [%clk 0:09:36] } Bd7 { [%clk 0:09:42]
} 9. Bxc6 { [%clk 0:09:38] } Bxc6 { [%clk 0:09:43] } 10. c4 { [%clk 0:09:35] }
Nf6 { [%clk 0:09:42] } 11. cxd5 { [%clk 0:09:36] } Bxd5 { [%clk 0:09:43] } 12.
O-O { [%clk 0:09:31] } O-O { [%clk 0:09:45] } 13. Bb2 { [%clk 0:09:13] } h6 {
[%clk 0:09:15] } 14. h3 { [%clk 0:09:12] } c6 { [%clk 0:09:08] } 15. a4 { [%clk
0:08:58] } b5 { [%clk 0:08:57] } 16. Ba3 { [%clk 0:08:52] } Re8 { [%clk
0:08:57] } 17. axb5 { [%clk 0:08:50] } cxb5 { [%clk 0:08:45] } 18. Bc5 { [%clk
0:08:41] } Qc8 { [%clk 0:08:30] } 19. Bxa7 { [%clk 0:08:32] } Qb7 { [%clk
0:08:21] } 20. Bc5 { [%clk 0:08:23] } Nd7 { [%clk 0:08:10] } 21. Rxa8 { [%clk
0:08:13] } Rxa8 { [%clk 0:08:10] } 22. Bb4 { [%clk 0:08:11] } Ra4 { [%clk
0:07:43] } 23. Bc3 { [%clk 0:08:00] } Bc4 { [%clk 0:07:36] } 24. Nxc4 { [%clk
0:07:56] } Rxc4 { [%clk 0:07:33] } 25. Bb2 { [%clk 0:07:51] } b4 { [%clk
0:07:29] } 26. Qe2 { [%clk 0:07:22] } Ne5 { [%clk 0:07:28] } 27. Qh5 { [%clk
0:07:04] } Ng6 { [%clk 0:07:18] } 28. Qf5 { [%clk 0:06:50] } Rxc2 { [%clk
0:07:11] } 29. Rb1 { [%clk 0:06:41] } Ne7 { [%clk 0:06:45] } 30. Qe5 { [%clk
0:06:13] } Ng6 { [%clk 0:06:34] } 31. Qe8+ { [%clk 0:06:01] } Kh7 { [%clk
0:06:33] } 32. Qd8 { [%clk 0:05:33] } Qc6 { [%clk 0:06:18] } 33. d5 { [%clk
0:05:26] } Qc4 { [%clk 0:06:05] } 34. Bd4 { [%clk 0:04:57] } Rc1+ { [%clk
0:05:40] } 35. Rxc1 { [%clk 0:04:40] } Qxc1+ { [%clk 0:05:41] } 36. Kh2 { [%clk
0:04:39] } b3 { [%clk 0:05:40] } 37. d6 { [%clk 0:04:32] } b2 { [%clk 0:05:40]
} 38. Bxb2 { [%clk 0:04:33] } Qxb2 { [%clk 0:05:40] } 39. d7 { [%clk 0:04:30] }
Ne5 { [%clk 0:05:37] } 40. Qe7 { [%clk 0:04:18] } Nxd7 { [%clk 0:05:33] } 41.
Qxd7 { [%clk 0:04:18] } Qxf2 { [%clk 0:05:33] } 42. Qd4 { [%clk 0:04:07] } g5 {
[%clk 0:05:25] } 43. Qxe4+ { [%clk 0:04:03] } Kg7 { [%clk 0:05:23] } 44. Qe5+ {
[%clk 0:04:00] } f6 { [%clk 0:05:24] } 45. Qe7+ { [%clk 0:04:00] } Kg6 { [%clk
0:05:25] } 46. Qe4+ { [%clk 0:03:51] } f5 { [%clk 0:05:26] } 47. Qe6+ { [%clk
0:03:52] } Kh5 { [%clk 0:05:27] } 48. Qxf5 { [%clk 0:03:48] } Qxf5 { [%clk
0:05:26] } 49. g4+ { [%clk 0:03:42] } Qxg4 { [%clk 0:05:25] } 50. hxg4+ { [%clk
0:03:43] } Kxg4 { [%clk 0:05:27] } 51. Kg2 { [%clk 0:03:42] } h5 { [%clk
0:05:27] } 52. e4 { [%clk 0:03:42] } Kf4 { [%clk 0:05:26] } 53. Kh3 { [%clk
0:03:43] } h4 { [%clk 0:05:26] } 54. e5 { [%clk 0:03:45] } Kxe5 { [%clk
0:05:26] } 55. Kg4 { [%clk 0:03:46] } Kf6 { [%clk 0:05:28] } 56. Kh3 { [%clk
0:03:45] } Kf5 { [%clk 0:05:29] } 57. Kg2 { [%clk 0:03:46] } Kg4 { [%clk
0:05:30] } 58. Kh2 { [%clk 0:03:47] } Kf3 { [%clk 0:05:29] } 59. Kh1 { [%clk
0:03:47] } Kf2 { [%clk 0:05:23] } 60. Kh2 { [%clk 0:03:48] } g4 { [%clk
0:05:19] } 61. Kh1 { [%clk 0:03:48] } h3 { [%clk 0:05:17] } 62. Kh2 { [%clk
0:03:48] } g3+ { [%clk 0:05:18] } 63. Kxh3 { [%clk 0:03:44] } g2 { [%clk
0:05:19] } 64. Kh2 { [%clk 0:03:46] } g1=Q+ { [%clk 0:05:18] } 65. Kh3 { [%clk
0:03:46] } Qg3# { [%clk 0:05:19] } 0-1

[Event "Королевский Гамбит. Южный Федеральный округ."]
[Date "2025-11-21"]
[Round "7.6"]
[Board "6"]
[White "Желтобрюхов ярослав"]
[WhiteElo "963"]
[Black "Михаил Асрян"]
[BlackElo "972"]
[WebSite "https://www.chessopen.ru"]
[GameId "c5900074-006d-4c98-adc6-f27ec48ba013"]
[Result "1-0"]

1. e3 { [%clk 0:10:01] } e5 { [%clk 0:09:59] } 2. Qf3 { [%clk 0:10:02] } Nf6 {
[%clk 0:09:52] } 3. Nc3 { [%clk 0:10:01] } Nc6 { [%clk 0:09:53] } 4. Bc4 {
[%clk 0:10:02] } Bc5 { [%clk 0:09:45] } 5. Ne4 { [%clk 0:10:02] } Nb4 { [%clk
0:09:26] } 6. Bb3 { [%clk 0:09:51] } d6 { [%clk 0:08:57] } 7. Nxf6+ { [%clk
0:09:42] } gxf6 { [%clk 0:08:47] } 8. g4 { [%clk 0:09:41] } Rg8 { [%clk
0:08:40] } 9. h3 { [%clk 0:09:39] } h6 { [%clk 0:08:27] } 10. h4 { [%clk
0:09:39] } Bxg4 { [%clk 0:08:11] } 11. Qxb7 { [%clk 0:09:32] } Rc8 { [%clk
0:07:51] } 12. Ba4+ { [%clk 0:09:32] } c6 { [%clk 0:07:43] } 13. c3 { [%clk
0:09:27] } Nd3+ { [%clk 0:07:40] } 14. Kf1 { [%clk 0:09:23] } Rc7 { [%clk
0:06:21] } 15. Qb3 { [%clk 0:09:06] } d5 { [%clk 0:05:46] } 16. e4 { [%clk
0:08:56] } Bxf2 { [%clk 0:05:15] } 17. Ne2 { [%clk 0:08:51] } dxe4 { [%clk
0:04:48] } 18. Qc4 { [%clk 0:08:43] } Qd7 { [%clk 0:04:27] } 19. Bxc6 { [%clk
0:08:44] } Bh3+ { [%clk 0:04:12] } 20. Rxh3 { [%clk 0:08:20] } Rxc6 { [%clk
0:04:01] } 21. Rxd3 { [%clk 0:08:03] } Rxc4 { [%clk 0:03:13] } 22. Rxd7 { [%clk
0:08:03] } Kxd7 { [%clk 0:03:12] } 23. d4 { [%clk 0:07:59] } Bxh4 { [%clk
0:03:05] } 24. dxe5 { [%clk 0:07:59] } fxe5 { [%clk 0:03:03] } 25. Bxh6 { [%clk
0:07:59] } Rg6 { [%clk 0:02:38] } 26. Rd1+ { [%clk 0:08:00] } Ke8 { [%clk
0:02:30] } 27. Be3 { [%clk 0:07:57] } Rf6+ { [%clk 0:02:04] } 28. Kg2 { [%clk
0:07:50] } Rg6+ { [%clk 0:01:39] } 29. Kh1 { [%clk 0:07:43] } Rcc6 { [%clk
0:01:24] } 30. Bxa7 { [%clk 0:07:42] } Rcf6 { [%clk 0:01:10] } 31. Ng1 { [%clk
0:07:18] } Rh6 { [%clk 0:00:47] } 32. c4 { [%clk 0:06:57] } Bf2+ { [%clk
0:00:14] } 33. Kg2 { [%clk 0:06:54] } Bxa7 { [%clk 0:00:12] } 34. Ne2 { [%clk
0:06:39] } Rhg6+ { [%clk 0:00:10] } 35. Ng3 { [%clk 0:06:39] } Rh6 { [%clk
0:00:06] } 36. Rf1 { [%clk 0:06:39] } Rfg6 { [%clk 0:00:05] } 37. b4 { [%clk
0:06:33] } e3 { [%clk 0:00:06] } 38. c5 { [%clk 0:06:34] } e2 { [%clk 0:00:06]
} 39. Re1 { [%clk 0:06:33] } e4 { [%clk 0:00:06] } 40. Rxe2 { [%clk 0:06:33] }
e3 { [%clk 0:00:06] } 41. Rxe3+ { [%clk 0:06:32] } Kf8 { [%clk 0:00:04] } 42.
a4 { [%clk 0:06:24] } Rf6 { [%clk 0:00:05] } 43. Ne4 { [%clk 0:06:18] } Rhg6+ {
[%clk 0:00:05] } 44. Rg3 { [%clk 0:06:15] } Bb8 { [%clk 0:00:05] } 45. Nxf6 {
[%clk 0:06:15] } Rxf6 { [%clk 0:00:04] } 46. Rd3 { [%clk 0:06:03] } Rg6+ {
[%clk 0:00:04] } 47. Kf1 { [%clk 0:06:02] } Rf6+ { [%clk 0:00:04] } 48. Ke2 {
[%clk 0:06:02] } Re6+ { [%clk 0:00:04] } 49. Kd1 { [%clk 0:06:04] } Rg6 { [%clk
0:00:04] } 50. Rd8+ { [%clk 0:06:04] } Ke7 { [%clk 0:00:04] } 51. Rxb8 { [%clk
0:06:06] } f5 { [%clk 0:00:04] } 52. Rb6 { [%clk 0:06:00] } Rg5 { [%clk
0:00:03] } 53. a5 { [%clk 0:05:56] } f4 { [%clk 0:00:04] } 54. a6 { [%clk
0:05:56] } f3 { [%clk 0:00:07] } 55. Ke1 { [%clk 0:05:53] } f2+ { [%clk
0:00:10] } 56. Kxf2 { [%clk 0:05:54] } Rf5+ { [%clk 0:00:11] } 57. Ke2 { [%clk
0:05:55] } Re5+ { [%clk 0:00:12] } 58. Kd3 { [%clk 0:05:57] } Rd5+ { [%clk
0:00:13] } 59. Kc4 { [%clk 0:05:58] } Rd7 { [%clk 0:00:13] } 60. Rb7 { [%clk
0:05:58] } Rxb7 { [%clk 0:00:10] } 61. axb7 { [%clk 0:05:59] } 1-0

[Event "Королевский Гамбит. Южный Федеральный округ."]
[Date "2025-11-21"]
[Round "7.6"]
[Board "6"]
[White "Муцольгов Мухаммад"]
[WhiteElo "957"]
[Black "Щеблыкина Мария"]
[BlackElo "1008"]
[WebSite "https://www.chessopen.ru"]
[GameId "1b5f8b1b-6eea-41bf-a58e-65a810085da2"]
[Result "0-1"]

1. e4 { [%clk 0:10:01] } e5 { [%clk 0:09:57] } 2. Nc3 { [%clk 0:10:01] } Nc6 {
[%clk 0:09:56] } 3. Nf3 { [%clk 0:10:02] } Nf6 { [%clk 0:09:54] } 4. Bb5 {
[%clk 0:09:58] } d6 { [%clk 0:09:54] } 5. Bxc6+ { [%clk 0:10:00] } bxc6 { [%clk
0:09:55] } 6. d3 { [%clk 0:09:59] } d5 { [%clk 0:09:53] } 7. exd5 { [%clk
0:09:58] } cxd5 { [%clk 0:09:52] } 8. d4 { [%clk 0:09:52] } e4 { [%clk 0:09:45]
} 9. Ne5 { [%clk 0:09:46] } Qd6 { [%clk 0:09:32] } 10. Nb5 { [%clk 0:09:42] }
Qb4+ { [%clk 0:09:26] } 11. c3 { [%clk 0:09:24] } Qxb5 { [%clk 0:09:25] } 12.
Bg5 { [%clk 0:08:49] } Be7 { [%clk 0:09:16] } 13. Qd2 { [%clk 0:08:42] } h6 {
[%clk 0:09:02] } 14. Bxf6 { [%clk 0:08:42] } Bxf6 { [%clk 0:09:01] } 15. Ng4 {
[%clk 0:08:40] } Bxg4 { [%clk 0:08:58] } 16. f4 { [%clk 0:08:39] } e3 { [%clk
0:08:51] } 17. Qxe3+ { [%clk 0:08:31] } Be7 { [%clk 0:08:49] } 18. Kd2 { [%clk
0:08:27] } Kf8 { [%clk 0:08:37] } 19. Rhe1 { [%clk 0:08:26] } Re8 { [%clk
0:08:36] } 20. a3 { [%clk 0:08:24] } Qxb2+ { [%clk 0:08:32] } 21. Kd3 { [%clk
0:08:19] } Bf5+ { [%clk 0:08:26] } 22. Qe4 { [%clk 0:08:17] } Bxe4+ { [%clk
0:08:25] } 23. Rxe4 { [%clk 0:08:17] } dxe4+ { [%clk 0:08:18] } 24. Kxe4 {
[%clk 0:08:18] } Bh4+ { [%clk 0:08:18] } 25. Kd5 { [%clk 0:08:16] } Qxa1 {
[%clk 0:08:16] } 0-1

[Event "Королевский Гамбит. Южный Федеральный округ."]
[Date "2025-11-21"]
[Round "7.6"]
[Board "6"]
[White "Рыжков Вячеслав"]
[WhiteElo "1007"]
[Black "Сорокина София"]
[BlackElo "1000"]
[WebSite "https://www.chessopen.ru"]
[GameId "32c21166-5dc7-406d-b9ee-b06ae05d4d65"]
[Result "0-1"]

1. e3 { [%clk 0:09:59] } d5 { [%clk 0:09:57] } 2. Nf3 { [%clk 0:09:59] } Nc6 {
[%clk 0:09:55] } 3. Nc3 { [%clk 0:10:00] } e5 { [%clk 0:09:55] } 4. Bb5 { [%clk
0:09:59] } Bd6 { [%clk 0:09:48] } 5. Nxd5 { [%clk 0:09:53] } Bd7 { [%clk
0:09:45] } 6. O-O { [%clk 0:09:28] } Nge7 { [%clk 0:09:42] } 7. Nxe7 { [%clk
0:09:25] } Qxe7 { [%clk 0:09:44] } 8. Re1 { [%clk 0:09:04] } O-O { [%clk
0:09:44] } 9. b3 { [%clk 0:08:10] } Bg4 { [%clk 0:09:41] } 10. h3 { [%clk
0:08:03] } Bxf3 { [%clk 0:09:40] } 11. Qe2 { [%clk 0:07:00] } Bxe2 { [%clk
0:09:39] } 12. Rxe2 { [%clk 0:06:13] } Nb4 { [%clk 0:09:38] } 13. c3 { [%clk
0:06:07] } Nc2 { [%clk 0:09:34] } 14. Rb1 { [%clk 0:06:02] } Ba3 { [%clk
0:09:34] } 15. Bc4 { [%clk 0:05:38] } Bxc1 { [%clk 0:09:33] } 16. Rxc1 { [%clk
0:05:32] } Na3 { [%clk 0:09:34] } 17. Bd5 { [%clk 0:05:30] } c6 { [%clk
0:09:34] } 18. Be4 { [%clk 0:05:21] } f5 { [%clk 0:09:27] } 19. Bd3 { [%clk
0:05:20] } e4 { [%clk 0:09:28] } 20. Bc2 { [%clk 0:05:14] } Nxc2 { [%clk
0:09:29] } 21. Rxc2 { [%clk 0:05:14] } Qd6 { [%clk 0:09:30] } 22. d3 { [%clk
0:05:06] } exd3 { [%clk 0:09:27] } 23. Red2 { [%clk 0:03:45] } dxc2 { [%clk
0:09:26] } 24. Rxd6 { [%clk 0:03:44] } c1=Q+ { [%clk 0:09:25] } 25. Kh2 { [%clk
0:03:33] } Rad8 { [%clk 0:09:25] } 26. Re6 { [%clk 0:03:30] } Qxc3 { [%clk
0:09:22] } 27. Re5 { [%clk 0:03:23] } Qxe5+ { [%clk 0:09:23] } 28. f4 { [%clk
0:03:15] } Qxe3 { [%clk 0:09:23] } 29. a4 { [%clk 0:03:13] } Qxf4+ { [%clk
0:09:24] } 30. Kg1 { [%clk 0:03:14] } Rd1# { [%clk 0:09:24] } 0-1

[Event "Королевский Гамбит. Южный Федеральный округ."]
[Date "2025-11-21"]
[Round "7.7"]
[Board "7"]
[White "Асрян Владимир"]
[WhiteElo "1021"]
[Black "Саганов Алексей"]
[BlackElo "981"]
[WebSite "https://www.chessopen.ru"]
[GameId "5cc41534-5f6d-4dc9-8c65-97931220f5f6"]
[Result "1-0"]

1. e4 { [%clk 0:10:01] } e5 { [%clk 0:10:01] } 2. Nf3 { [%clk 0:10:01] } Nf6 {
[%clk 0:10:01] } 3. Nc3 { [%clk 0:09:59] } Nc6 { [%clk 0:09:57] } 4. Bc4 {
[%clk 0:10:00] } Nd4 { [%clk 0:09:40] } 5. Nxd4 { [%clk 0:09:59] } exd4 { [%clk
0:09:40] } 6. Nb5 { [%clk 0:09:59] } Nxe4 { [%clk 0:09:38] } 7. Nxd4 { [%clk
0:09:54] } g6 { [%clk 0:09:23] } 8. Qf3 { [%clk 0:09:48] } Qe7 { [%clk 0:09:11]
} 9. d3 { [%clk 0:09:43] } Ng5+ { [%clk 0:08:57] } 10. Qe3 { [%clk 0:09:33] }
Qxe3+ { [%clk 0:08:47] } 11. Bxe3 { [%clk 0:09:33] } Be7 { [%clk 0:08:37] } 12.
Bxg5 { [%clk 0:09:33] } Bxg5 { [%clk 0:08:37] } 13. O-O { [%clk 0:09:34] } O-O
{ [%clk 0:08:38] } 14. Rfe1 { [%clk 0:09:34] } b6 { [%clk 0:08:22] } 15. Re5 {
[%clk 0:09:24] } Bf4 { [%clk 0:08:05] } 16. Re4 { [%clk 0:09:09] } Bd2 { [%clk
0:07:44] } 17. Rd1 { [%clk 0:08:58] } Ba5 { [%clk 0:07:38] } 18. c3 { [%clk
0:08:54] } Bb7 { [%clk 0:07:36] } 19. Re7 { [%clk 0:08:44] } Bc6 { [%clk
0:07:05] } 20. Nxc6 { [%clk 0:08:39] } dxc6 { [%clk 0:07:05] } 21. b4 { [%clk
0:08:41] } b5 { [%clk 0:06:49] } 22. bxa5 { [%clk 0:08:37] } bxc4 { [%clk
0:06:49] } 23. dxc4 { [%clk 0:08:36] } Rfe8 { [%clk 0:06:32] } 24. Rxc7 { [%clk
0:08:32] } Re6 { [%clk 0:06:18] } 25. h3 { [%clk 0:08:17] } Rae8 { [%clk
0:06:12] } 26. Kf1 { [%clk 0:08:07] } Re2 { [%clk 0:06:02] } 27. Rxc6 { [%clk
0:07:55] } Kg7 { [%clk 0:05:51] } 28. c5 { [%clk 0:07:52] } f5 { [%clk 0:05:43]
} 29. Rc7+ { [%clk 0:07:50] } R8e7 { [%clk 0:05:39] } 30. Rxe7+ { [%clk
0:07:47] } 1-0

[Event "Королевский Гамбит. Южный Федеральный округ."]
[Date "2025-11-21"]
[Round "7.7"]
[Board "7"]
[White "Ахмедов Эльдар"]
[WhiteElo "1047"]
[Black "Синичкина Ксения"]
[BlackElo "1017"]
[WebSite "https://www.chessopen.ru"]
[GameId "50432147-74d7-47a8-8d67-3016b85fcfc0"]
[Result "1-0"]

1. e4 { [%clk 0:09:57] } e5 { [%clk 0:10:00] } 2. Nf3 { [%clk 0:09:58] } Nc6 {
[%clk 0:10:00] } 3. Nc3 { [%clk 0:09:59] } Nf6 { [%clk 0:09:59] } 4. Bb5 {
[%clk 0:09:59] } Bb4 { [%clk 0:09:57] } 5. a3 { [%clk 0:09:53] } Bxc3 { [%clk
0:09:50] } 6. dxc3 { [%clk 0:09:56] } Nxe4 { [%clk 0:09:39] } 7. Qe2 { [%clk
0:09:54] } d5 { [%clk 0:09:23] } 8. Bxc6+ { [%clk 0:09:45] } Bd7 { [%clk
0:09:20] } 9. Bxb7 { [%clk 0:09:40] } Rb8 { [%clk 0:09:09] } 10. Bxd5 { [%clk
0:09:40] } Nf6 { [%clk 0:08:27] } 11. Qxe5+ { [%clk 0:09:38] } Kf8 { [%clk
0:07:43] } 12. Ng5 { [%clk 0:09:31] } Nxd5 { [%clk 0:07:38] } 13. Qxd5 { [%clk
0:09:25] } Qe7+ { [%clk 0:07:24] } 14. Be3 { [%clk 0:09:20] } Rb5 { [%clk
0:07:21] } 15. Qa8+ { [%clk 0:09:09] } Qe8 { [%clk 0:07:13] } 16. Qxe8+ { [%clk
0:09:01] } Bxe8 { [%clk 0:07:09] } 17. b4 { [%clk 0:08:59] } Re5 { [%clk
0:07:05] } 18. O-O-O { [%clk 0:08:54] } h6 { [%clk 0:06:29] } 19. Bc5+ { [%clk
0:08:53] } Kg8 { [%clk 0:06:15] } 20. Nf3 { [%clk 0:08:52] } Rf5 { [%clk
0:05:44] } 21. Rd8 { [%clk 0:08:50] } Kh7 { [%clk 0:05:42] } 22. Re1 { [%clk
0:08:44] } Bc6 { [%clk 0:05:35] } 23. Rxh8+ { [%clk 0:08:43] } Kxh8 { [%clk
0:05:34] } 24. Bxa7 { [%clk 0:08:43] } Bxf3 { [%clk 0:05:27] } 25. gxf3 { [%clk
0:08:46] } Rxf3 { [%clk 0:05:27] } 26. Re7 { [%clk 0:08:44] } Rxc3 { [%clk
0:05:25] } 27. Rxf7 { [%clk 0:08:42] } Rxa3 { [%clk 0:05:23] } 28. Bd4 { [%clk
0:08:40] } Ra4 { [%clk 0:05:15] } 29. Rxg7 { [%clk 0:08:41] } Rxb4 { [%clk
0:05:08] } 30. Rxc7+ { [%clk 0:08:40] } Rxd4 { [%clk 0:05:06] } 31. Rf7 { [%clk
0:08:33] } Rh4 { [%clk 0:05:01] } 32. f4 { [%clk 0:08:24] } Rxh2 { [%clk
0:04:59] } 33. f5 { [%clk 0:08:25] } Rh1+ { [%clk 0:04:56] } 34. Kb2 { [%clk
0:08:21] } h5 { [%clk 0:04:55] } 35. f6 { [%clk 0:08:22] } Rf1 { [%clk 0:04:51]
} 36. c4 { [%clk 0:08:17] } h4 { [%clk 0:04:50] } 37. c5 { [%clk 0:08:06] } Kg8
{ [%clk 0:04:48] } 38. Rg7+ { [%clk 0:08:06] } Kh8 { [%clk 0:04:35] } 39. Rg4 {
[%clk 0:08:05] } h3 { [%clk 0:04:29] } 40. Rh4+ { [%clk 0:08:06] } Kg8 { [%clk
0:04:26] } 41. Rxh3 { [%clk 0:08:07] } Rxf6 { [%clk 0:04:25] } 42. Re3 { [%clk
0:08:05] } Rc6 { [%clk 0:04:23] } 43. Re5 { [%clk 0:08:05] } Rxc5 { [%clk
0:04:08] } 44. Rxc5 { [%clk 0:08:02] } Kf7 { [%clk 0:03:59] } 45. Kc3 { [%clk
0:08:00] } Kf6 { [%clk 0:03:56] } 46. Kd4 { [%clk 0:08:01] } Ke6 { [%clk
0:03:48] } 47. Rd5 { [%clk 0:07:55] } Kf6 { [%clk 0:03:42] } 48. Re5 { [%clk
0:07:55] } Kg6 { [%clk 0:03:40] } 49. Ke4 { [%clk 0:07:52] } Kf6 { [%clk
0:03:37] } 50. Kf4 { [%clk 0:07:51] } Kg6 { [%clk 0:03:32] } 51. Rf5 { [%clk
0:07:53] } Kh6 { [%clk 0:03:27] } 52. Ke4 { [%clk 0:07:51] } Kg6 { [%clk
0:03:24] } 53. Kf4 { [%clk 0:07:52] } Kh6 { [%clk 0:03:22] } 54. Rg5 { [%clk
0:07:53] } Kh7 { [%clk 0:03:23] } 55. Kf5 { [%clk 0:07:54] } Kh6 { [%clk
0:03:20] } 56. Kf6 { [%clk 0:07:55] } Kh7 { [%clk 0:03:20] } 57. Rg6 { [%clk
0:07:57] } Kh8 { [%clk 0:03:21] } 58. Kf7 { [%clk 0:07:58] } Kh7 { [%clk
0:03:21] } 59. Ra6 { [%clk 0:07:59] } Kh8 { [%clk 0:03:22] } 60. Rh6# { [%clk
0:08:02] } 1-0